000 00264nam a22001217a 4500
008 170906b xxu||||| |||| 00| 0 eng d
041 _aeng
080 _a72
100 _a41
101 _aMED
245 _aCHOSTS ALONG MISSIPPI
_cLAUGHIN.C.J
942 _2udc
_cBK
999 _c26301
_d26301